000 00662nam a2200229 4500
999 _c2890
_d2890
001 20820
003 BD-DhUAP
005 20200229125653.0
008 200229s2015 ge a|||| |||| 001 0 eng d
020 _a9783037681909
040 _aBD-DhUAP
_bEng
_cBD-DhUAP
_dBD-DhUAP
082 _223
_a711.55 UFF
100 _aUffelen, Chris van.
245 _aPedestrian zones :
_bcar free urban spaces /
_cChris van Uffelen.
260 _aSalenstein :
_bBraun,
_cc2015.
300 _a247 pages :
_billustrations ;
_c30 cm.
500 _aInclude index.
650 _aPedestrian areas.
650 _aPlazas.
650 _aPedestrian facilities design.
942 _2ddc
_cBK